[Event "Berlin Lichtenberger op 16th"]
[Site "Berlin"]
[Date "2017.08.21"]
[Round "3"]
[White "Gaerths, Ronny"]
[Black "Matitschka, Heinz"]
[Result "1/2-1/2"]
[WhiteElo "2182"]
[BlackElo "1910"]
[PlyCount "64"]
[EventDate "2017.08.19"]
[EventType "swiss"]
[EventRounds "9"]
[EventCountry "GER"]
[SourceTitle "CBM 180 Extra"]
[Source "ChessBase"]
[SourceDate "2017.10.06"]
[SourceVersion "1"]
[SourceVersionDate "2017.10.06"]
[SourceQuality "1"]

1. e4 e6 2. Nf3 d5 3. Nc3 Nf6 4. Qe2 Be7 5. g3 0-0 6. Bg2 c5 7. d3 Nc6 8. 0-0 a6 9. a4 Bd7 10. e5 Ne8 11. h4 Nd4 12. Nxd4 cxd4 13. Nb1 Rc8 14. c3 dxc3 15. Nxc3 b5 16. axb5 axb5 17. Bf4 b4 18. Nd1 Nc7 19. Ne3 Nb5 20. Qg4 f5 21. exf6 Bxf6 22. Bg5 Bxg5 23. hxg5 Qe7 24. Rfe1 Qf7 25. f4 Nd4 26. Ra7 Rfd8 27. Qd1 Qf8 28. Kh2 Qc5 29. Qa1 b3 30. Ra5 Qb4 31. Ra7 Nc2 32. Nxc2 Rxc2 1/2-1/2

[Event "Bad Woerishofen op 33rd"]
[Site "Bad Woerishofen"]
[Date "2017.03.15"]
[Round "6"]
[White "Gaerths, Ronny"]
[Black "Hess, Max"]
[Result "0-1"]
[WhiteElo "2179"]
[BlackElo "2251"]
[PlyCount "94"]
[EventDate "2017.03.10"]
[EventType "swiss"]
[EventRounds "9"]
[EventCountry "GER"]
[SourceTitle "EXT 2018"]
[Source "ChessBase"]
[SourceDate "2017.10.13"]
[SourceVersion "1"]
[SourceVersionDate "2017.10.13"]
[SourceQuality "1"]

1. d4 d6 2. e4 g6 3. Nf3 Bg7 4. Nc3 a6 5. a4 b6 6. Bg5 Bb7 7. Bd3 h6 8. Bf4 e6 9. 0-0 Ne7 10. e5 d5 11. a5 c5 12. axb6 cxd4 13. Nxd4 Nd7 14. Re1 Qxb6 15. Nb3 Nc6 16. Nxd5 exd5 17. e6 Nde5 18. exf7+ Kxf7 19. Bxa6 Rhd8 20. Bxb7 Rxa1 21. Qxa1 Qxb7 22. Na5 Nxa5 23. Qxa5 Re8 24. b3 Nd7 25. Rd1 Nf6 26. Be3 Ra8 27. Qc5 Rc8 28. Qd6 Rxc2 29. h3 Rc6 30. Qf4 Kg8 31. Rb1 Qc7 32. Qf3 Ne4 33. Bf4 Qf7 34. Qg4 h5 35. Qf3 Rc3 36. Be3 Qxf3 37. gxf3 Nd6 38. Rd1 Nf5 39. Rxd5 Rxb3 40. Rd8+ Kf7 41. Kg2 Nxe3+ 42. fxe3 Rxe3 43. Rd7+ Kf6 44. Rd2 Kf5 45. Ra2 Rb3 46. Kg3 Be5+ 47. Kh4 Rb4+ 0-1

[Event "Gibraltar Challengers-A 14th"]
[Site "Caleta"]
[Date "2016.01.29"]
[Round "5"]
[White "Ungureanu, Sandu"]
[Black "Gaerths, Ronny"]
[Result "1-0"]
[WhiteElo "2051"]
[BlackElo "2192"]
[PlyCount "119"]
[EventDate "2016.01.25"]
[EventType "swiss"]
[EventRounds "5"]
[EventCountry "GGB"]
[SourceTitle "CBM 170 Extra"]
[Source "ChessBase"]
[SourceDate "2016.02.25"]
[SourceVersion "1"]
[SourceVersionDate "2016.02.25"]
[SourceQuality "1"]

1. g3 Nf6 2. c4 e5 3. Bg2 Nc6 4. Nc3 Bb4 5. e4 d6 6. Nge2 a6 7. a3 Bc5 8. b4 Ba7 9. 0-0 h5 10. d3 h4 11. Bg5 hxg3 12. hxg3 Bg4 13. Qd2 Nd4 14. Nxd4 Bxd4 15. Be3 Qd7 16. f3 Bxe3+ 17. Qxe3 Bh3 18. g4 a5 19. b5 b6 20. Nd1 0-0-0 21. Nf2 Bxg2 22. Kxg2 Ng8 23. d4 exd4 24. Qxd4 f6 25. Qd5 Kb8 26. Rh1 Rxh1 27. Rxh1 Nh6 28. Rh3 Re8 29. Rh5 Nf7 30. Nd3 Ne5 31. Nxe5 fxe5 32. Rf5 Qe7 33. Qf7 Kc8 34. Qxe7 Rxe7 35. Kg3 Kd7 36. Kh4 Ke6 37. Kg5 c6 38. Kg6 cxb5 39. cxb5 Rc7 40. g5 a4 41. Rf8 Rc3 42. Ra8 Rxa3 43. Kxg7 Ra1 44. g6 Ke7 45. Ra7+ Ke8 46. Kf6 Rf1 47. Ke6 Kf8 48. Rxa4 Kg7 49. Ra6 Rxf3 50. Rxb6 Re3 51. Rxd6 Rxe4 52. Kd5 Rb4 53. b6 e4 54. Re6 e3 55. Kc6 Rb3 56. b7 e2 57. Rxe2 Kxg6 58. Rc2 Kf6 59. Kc7 Rb6 60. Kxb6 1-0

[Event "Berlin Werner Ott op"]
[Site "Berlin"]
[Date "2014.07.11"]
[Round "7"]
[White "Kaiser, Elmar"]
[Black "Gaerths, Ronny"]
[Result "1-0"]
[WhiteElo "2166"]
[BlackElo "2204"]
[PlyCount "123"]
[EventDate "2014.07.05"]
[EventType "swiss"]
[EventRounds "9"]
[EventCountry "GER"]
[SourceTitle "CBM 161 Extra"]
[Source "ChessBase"]
[SourceDate "2014.08.29"]
[SourceVersion "1"]
[SourceVersionDate "2014.08.29"]
[SourceQuality "1"]

1. e4 d6 2. d4 Nf6 3. Nc3 e5 4. Nf3 exd4 5. Nxd4 Be7 6. Bf4 0-0 7. Qd2 Nc6 8. 0-0-0 Nxd4 9. Qxd4 a6 10. Qd2 Be6 11. f3 b5 12. Kb1 Qb8 13. Ne2 Rd8 14. Nd4 Qb6 15. g4 c5 16. Nf5 Bxf5 17. gxf5 c4 18. Be3 Qc7 19. Bd4 Ne8 20. Rg1 Bf6 21. Bxf6 Nxf6 22. Rxg7+ Kxg7 23. Qg5+ Kf8 24. Qxf6 Qc5 25. Qh8+ Ke7 26. f6+ Kd7 27. Qxh7 Rf8 28. f4 Kc7 29. Bh3 Rad8 30. Be6 Kb6 31. Bd5 c3 32. Qh3 b4 33. Qd3 Rh8 34. Bxf7 Rdf8 35. Be6 Rxf6 36. f5 Rxh2 37. Qxd6+ Qxd6 38. Rxd6+ Kc7 39. Rd7+ Kc6 40. bxc3 bxc3 41. a3 Rd2 42. Rh7 Re2 43. Bd5+ Kd6 44. Rh3 Ke5 45. Rxc3 Rb6+ 46. Kc1 a5 47. Rc6 Re1+ 48. Kd2 Rxc6 49. Bxc6 Ra1 50. a4 Kd6 51. Bb5 Ke5 52. Kd3 Rd1+ 53. Kc4 Kxe4 54. Kc5 Rd8 55. Kb6 Kd4 56. Kc7 Rf8 57. Bd7 Kc3 58. Kd6 Kxc2 59. Ke7 Rh8 60. f6 Kc3 61. f7 Kb4 62. f8Q 1-0

[Event "Berlin Lichtenberger op 12th"]
[Site "Berlin"]
[Date "2013.08.17"]
[Round "1"]
[White "Gaerths, Ronny"]
[Black "Roth, Joachim"]
[Result "1-0"]
[WhiteElo "2221"]
[BlackElo "1923"]
[PlyCount "93"]
[EventDate "2013.08.17"]
[EventType "swiss"]
[EventRounds "9"]
[EventCountry "GER"]
[SourceTitle "CBM 156 Extra"]
[Source "ChessBase"]
[SourceDate "2013.10.22"]
[SourceVersion "1"]
[SourceVersionDate "2013.10.22"]
[SourceQuality "1"]

1. d4 d5 2. Bf4 Nf6 3. e3 e6 4. Nd2 c5 5. c3 Nc6 6. Ngf3 Be7 7. Ne5 0-0 8. Bd3 Bd6 9. Bg3 Ne7 10. 0-0 Nf5 11. Bxf5 exf5 12. dxc5 Bxc5 13. Nd3 Bd6 14. Bxd6 Qxd6 15. Nf3 b6 16. Qa4 Bb7 17. Qf4 Qxf4 18. Nxf4 Rac8 19. Rfd1 Rfd8 20. Rd4 Rc4 21. Rad1 Rdc8 22. Ne5 Rxd4 23. Rxd4 g6 24. Ra4 a6 25. Rb4 b5 26. a4 Ra8 27. f3 Kg7 28. Kf2 Bc8 29. axb5 axb5 30. Rxb5 Ra2 31. Rb6 Ba6 32. h4 h6 33. Nfd3 Ra1 34. Kg3 Bxd3 35. Nxd3 Rh1 36. Rb7 Nh5+ 37. Kf2 Kf6 38. Rb6+ Ke7 39. Rb7+ Kf6 40. Rd7 Rxh4 41. Rxd5 Ng7 42. Ra5 Rh1 43. b4 Ne6 44. c4 Rb1 45. Ra2 g5 46. Rb2 Ra1 47. b5 1-0

[Event "Berlin Lichtenrade op 08th"]
[Site "Berlin"]
[Date "2012.10.05"]
[Round "7"]
[White "Heerd, Thomas"]
[Black "Gaerths, Ronny"]
[Result "1/2-1/2"]
[WhiteElo "2023"]
[BlackElo "2251"]
[PlyCount "125"]
[EventDate "2012.09.29"]
[EventType "swiss"]
[EventRounds "9"]
[EventCountry "GER"]
[SourceTitle "CBM 150 Extra"]
[Source "ChessBase"]
[SourceDate "2012.10.19"]
[SourceVersion "1"]
[SourceVersionDate "2012.10.19"]
[SourceQuality "1"]

1. Nf3 g6 2. g3 Bg7 3. Bg2 c5 4. 0-0 Nc6 5. d3 e5 6. e4 Nge7 7. Nc3 0-0 8. Bg5 f6 9. Be3 d6 10. Qd2 Be6 11. Ne2 b6 12. c3 d5 13. exd5 Bxd5 14. d4 cxd4 15. cxd4 e4 16. Ne1 f5 17. Rc1 Qd7 18. b4 Rad8 19. a3 Bf7 20. Nc2 Rfe8 21. Rfd1 Qb7 22. Bh6 Bh8 23. Bg5 Rd7 24. Qf4 Nd5 25. Qh4 Nce7 26. b5 a6 27. a4 axb5 28. axb5 Rc7 29. Ne3 Rec8 30. Nxd5 Nxd5 31. f3 Rxc1 32. Rxc1 e3 33. Rxc8+ Qxc8 34. Bh6 Bf6 35. Bg5 Bg7 36. Bf4 Qe8 37. Bf1 Qxb5 38. Nc3 Qd7 39. Nxd5 Bxd5 40. Bxe3 Bxf3 41. Qf4 Bb7 42. Bc4+ Kf8 43. d5 Bxd5 44. Bxd5 Qxd5 45. Qb8+ Kf7 46. Qxb6 h6 47. Qa7+ Kg8 48. Kf2 Kh7 49. h4 Qe4 50. Qc5 Qh1 51. Qe7 Qd1 52. Qc5 Qg4 53. Qe7 Qc4 54. Qa7 Qe4 55. Qc7 Qd5 56. Qa7 Qe5 57. Kf3 Qf6 58. Kg2 Qd8 59. Kf3 Kh8 60. Qc5 Kh7 61. Qa7 Qd1+ 62. Kf2 f4 63. Bxf4 1/2-1/2

[Event "Berlin Lichtenrade op 08th"]
[Site "Berlin"]
[Date "2012.10.04"]
[Round "6"]
[White "Gaerths, Ronny"]
[Black "Hohn, August"]
[Result "1-0"]
[WhiteElo "2251"]
[BlackElo "1989"]
[PlyCount "50"]
[EventDate "2012.09.29"]
[EventType "swiss"]
[EventRounds "9"]
[EventCountry "GER"]
[SourceTitle "CBM 150 Extra"]
[Source "ChessBase"]
[SourceDate "2012.10.19"]
[SourceVersion "1"]
[SourceVersionDate "2012.10.19"]
[SourceQuality "1"]

1. c4 e5 2. Nc3 Bb4 3. Nd5 Be7 4. g3 c6 5. Nxe7 Qxe7 6. Bg2 Nf6 7. d3 d6 8. Nf3 Bg4 9. b3 0-0 10. Bb2 Nbd7 11. 0-0 Rad8 12. h3 Bh5 13. Nh4 Bg6 14. Qd2 Nh5 15. Nxg6 hxg6 16. d4 Rfe8 17. dxe5 dxe5 18. Rad1 Qc5 19. e3 Qb6 20. Qc3 Nc5 21. Ba3 Rxd1 22. Rxd1 Nf6 23. Qb4 Nfd7 24. Qxb6 axb6 25. b4 Ra8 1-0

[Event "Berlin Lichtenrade op 08th"]
[Site "Berlin"]
[Date "2012.10.02"]
[Round "4"]
[White "Gaerths, Ronny"]
[Black "Yuan, Yizheng"]
[Result "1-0"]
[WhiteElo "2251"]
[BlackElo "1915"]
[PlyCount "107"]
[EventDate "2012.09.29"]
[EventType "swiss"]
[EventRounds "9"]
[EventCountry "GER"]
[SourceTitle "CBM 150 Extra"]
[Source "ChessBase"]
[SourceDate "2012.10.19"]
[SourceVersion "1"]
[SourceVersionDate "2012.10.19"]
[SourceQuality "1"]

1. Nf3 Nf6 2. d4 e6 3. Bg5 Be7 4. Nbd2 c5 5. e3 b6 6. Bd3 Bb7 7. c3 0-0 8. 0-0 d6 9. e4 Nfd7 10. Bf4 Qc7 11. Qe2 e5 12. dxe5 dxe5 13. Bg3 Nc6 14. Ba6 Rfe8 15. a4 Bf8 16. Bxb7 Qxb7 17. Rfd1 a6 18. Nc4 f6 19. Rxd7 Qxd7 20. Nxb6 Qb7 21. Nxa8 Rxa8 22. Qc4+ Kh8 23. Rb1 Na5 24. Qe2 Qb3 25. h4 Qxa4 26. h5 Rd8 27. h6 c4 28. hxg7+ Bxg7 29. Nh4 Bh6 30. Nf5 Bg5 31. Qh5 Qc2 32. Re1 Qd2 33. Rf1 Kg8 34. Ne7+ Kg7 35. Nd5 h6 36. Ne7 Kf8 37. Nf5 Rd7 38. Ra1 Nb3 39. Rxa6 Qd1+ 40. Qxd1 Rxd1+ 41. Kh2 Nd2 42. f3 Rb1 43. Ra8+ Kf7 44. Ra7+ Kf8 45. Bf2 Rxb2 46. Bc5+ Kg8 47. Kh3 h5 48. Ra8+ Kh7 49. Ra7+ Kg8 50. Be3 Bxe3 51. Nxe3 Rb1 52. Kg3 Rg1 53. Nd5 Kh8 54. Nxf6 1-0

[Event "Berlin Werner Ott op"]
[Site "Berlin"]
[Date "2012.07.14"]
[Round "8"]
[White "Gaerths, Ronny"]
[Black "Kalinitschew, Sergey"]
[Result "0-1"]
[WhiteElo "2258"]
[BlackElo "2439"]
[PlyCount "60"]
[EventDate "2012.07.07"]
[EventType "swiss"]
[EventRounds "9"]
[EventCountry "GER"]
[SourceTitle "CBM 149 Extra"]
[Source "ChessBase"]
[SourceDate "2012.08.24"]
[SourceVersion "1"]
[SourceVersionDate "2012.08.24"]
[SourceQuality "1"]

1. d4 d5 2. Nf3 Nc6 3. Bf4 Bg4 4. Nbd2 e6 5. e3 Bd6 6. c3 Bxf4 7. exf4 Qd6 8. Qb3 Bxf3 9. Nxf3 Nge7 10. g3 Nd8 11. Bd3 b6 12. Qa4+ c6 13. 0-0 h6 14. Rae1 0-0 15. Bb1 c5 16. Ne5 Ndc6 17. f5 exf5 18. dxc5 bxc5 19. Nxc6 Nxc6 20. Bxf5 Rab8 21. Re2 Rfd8 22. Rfe1 g6 23. Qg4 Qf6 24. Bd3 c4 25. Bb1 d4 26. Re6 fxe6 27. Rxe6 Ne5 28. Rxf6 Nxg4 29. Rxg6+ Kf8 30. Rxg4 dxc3 0-1

[Event "Berlin Werner Ott op"]
[Site "Berlin"]
[Date "2012.07.11"]
[Round "5"]
[White "Meister, Jakob"]
[Black "Gaerths, Ronny"]
[Result "1-0"]
[WhiteElo "2480"]
[BlackElo "2258"]
[PlyCount "119"]
[EventDate "2012.07.07"]
[EventType "swiss"]
[EventRounds "9"]
[EventCountry "GER"]
[SourceTitle "CBM 149 Extra"]
[Source "ChessBase"]
[SourceDate "2012.08.24"]
[SourceVersion "1"]
[SourceVersionDate "2012.08.24"]
[SourceQuality "1"]

1. c4 Nf6 2. Nc3 e5 3. e3 Bb4 4. Nge2 0-0 5. a3 Bxc3 6. Nxc3 c6 7. d4 exd4 8. Qxd4 d5 9. b4 Be6 10. c5 b6 11. Bb2 Nbd7 12. Na4 bxc5 13. Nxc5 Nxc5 14. Qxc5 Ne4 15. Qd4 f6 16. f3 Nd6 17. Bd3 Bf5 18. Be2 Bg6 19. Kf2 Re8 20. Qc5 Nf5 21. Bd4 Nxd4 22. Qxd4 a5 23. b5 cxb5 24. Bxb5 Re5 25. Rac1 Be8 26. Bd3 Bf7 27. Rc5 Qd6 28. Rhc1 Rae8 29. Bb5 Rd8 30. Rc8 Be8 31. Rxd8 Qxd8 32. Bd3 Bf7 33. Rc5 Re8 34. Bb5 Re7 35. Bc6 Re5 36. e4 g5 37. Bxd5 Qe7 38. Rxa5 Bxd5 39. Rxd5 Rxd5 40. Qxd5+ Kg7 41. Qa5 Qd6 42. h3 Qd4+ 43. Kg3 Qd6+ 44. e5 fxe5 45. Qb4 Qc7 46. Qe4 Qc5 47. a4 h6 48. h4 gxh4+ 49. Kxh4 Kf6 50. Kh5 Qa5 51. g4 Qc5 52. Qf5+ Kg7 53. Qg6+ Kh8 54. Qxh6+ Kg8 55. Qe6+ Kh7 56. Qf5+ Kg7 57. f4 Qa3 58. Qxe5+ Kh7 59. Qf5+ Kg7 60. Qd7+ 1-0

[Event "Bad Woerishofen op 28th"]
[Site "Bad Woerishofen"]
[Date "2012.03.08"]
[Round "7"]
[White "Gaerths, Ronny"]
[Black "Schellmann, Frank"]
[Result "1-0"]
[WhiteElo "2226"]
[BlackElo "2055"]
[PlyCount "50"]
[EventDate "2012.03.02"]
[EventType "swiss"]
[EventRounds "9"]
[EventCountry "GER"]
[SourceTitle "EXT 2019"]
[Source "ChessBase"]
[SourceDate "2018.10.10"]
[SourceVersion "1"]
[SourceVersionDate "2018.10.10"]
[SourceQuality "1"]

1. d4 Nf6 2. Nf3 g6 3. Bf4 Bg7 4. e3 d6 5. Be2 0-0 6. 0-0 c5 7. Nbd2 Nc6 8. c3 b6 9. Qa4 Bb7 10. h3 a6 11. Qa3 Nd7 12. Rfd1 b5 13. Qb3 Qb6 14. a4 c4 15. Qc2 d5 16. e4 e6 17. exd5 exd5 18. Nf1 Na5 19. axb5 axb5 20. h4 Nb3 21. Rxa8 Rxa8 22. Be5 Rc8 23. Ne3 Nf6 24. Bxf6 Bxf6 25. Ne5 Qd6 1-0

[Event "Bad Woerishofen op 28th"]
[Site "Bad Woerishofen"]
[Date "2012.03.07"]
[Round "6"]
[White "Gaerths, Ronny"]
[Black "Mainka, Romuald"]
[Result "0-1"]
[WhiteElo "2226"]
[BlackElo "2481"]
[PlyCount "72"]
[EventDate "2012.03.02"]
[EventType "swiss"]
[EventRounds "9"]
[EventCountry "GER"]
[SourceTitle "EXT 2019"]
[Source "ChessBase"]
[SourceDate "2018.10.10"]
[SourceVersion "1"]
[SourceVersionDate "2018.10.10"]
[SourceQuality "1"]

1. d4 Nf6 2. Bg5 Ne4 3. Bf4 c5 4. f3 Qa5+ 5. c3 Nf6 6. Nd2 cxd4 7. Nc4 Qd8 8. Qxd4 d6 9. Qd2 d5 10. 0-0-0 Nc6 11. Qe1 Bd7 12. Ne5 Nxe5 13. Bxe5 Qa5 14. Kb1 Bf5+ 15. e4 dxe4 16. Bxf6 exf3+ 17. Ka1 Be6 18. a3 exf6 19. Nxf3 Bxa3 20. bxa3 Qxa3+ 21. Kb1 Qb3+ 22. Kc1 Rc8 23. Kd2 0-0 24. Ke3 Rxc3+ 25. Kf2 Qb6+ 26. Kg3 Qc7+ 27. Kf2 Qc5+ 28. Kg3 Re8 29. Qe4 Qc7+ 30. Qf4 Qxf4+ 31. Kxf4 g5+ 32. Kg3 g4 33. Bb5 Rb8 34. Bd7 gxf3 35. Bxe6 fxg2+ 36. Kxg2 fxe6 0-1

[Event "Berlin Lichtenrade op 07th"]
[Site "Berlin"]
[Date "2011.10.09"]
[Round "2"]
[White "Gaerths, Ronny"]
[Black "Feikes, Joerg"]
[Result "1/2-1/2"]
[WhiteElo "2219"]
[BlackElo "1991"]
[PlyCount "41"]
[EventDate "2011.10.08"]
[EventType "swiss"]
[EventRounds "9"]
[EventCountry "GER"]
[SourceTitle "CBM 144 Extra"]
[Source "ChessBase"]
[SourceDate "2011.10.28"]
[SourceVersion "1"]
[SourceVersionDate "2011.10.28"]
[SourceQuality "1"]

1. d4 d5 2. Bf4 c5 3. e3 Nc6 4. c3 Qb6 5. Qb3 c4 6. Qc2 Bf5 7. Qc1 Rc8 8. Nd2 e6 9. Ngf3 Be7 10. Be2 h6 11. e4 Bh7 12. Ne5 Nf6 13. exd5 exd5 14. 0-0 0-0 15. Re1 Ne4 16. Bg4 f5 17. Nxe4 fxg4 18. Nd2 Bf5 19. b3 cxb3 20. axb3 Rf7 21. Qd1 1/2-1/2

[Event "Bayern-chI Bank Hofmann 13th"]
[Site "Bad Wiessee"]
[Date "2009.11.03"]
[Round "5"]
[White "Sokolov, Andrei"]
[Black "Gaerths, Ronny"]
[Result "1-0"]
[WhiteElo "2572"]
[BlackElo "2241"]
[PlyCount "75"]
[EventDate "2009.10.31"]
[EventType "swiss"]
[EventRounds "9"]
[EventCountry "GER"]
[SourceTitle "EXT 2010"]
[Source "ChessBase"]
[SourceDate "2010.11.25"]
[SourceVersion "1"]
[SourceVersionDate "2010.11.25"]
[SourceQuality "1"]

1. e4 e6 2. d4 d5 3. Nd2 dxe4 4. Nxe4 Bd7 5. Nf3 Bc6 6. Bd3 Nd7 7. 0-0 Ngf6 8. Ng3 Be7 9. c4 Bxf3 10. Qxf3 c6 11. Be3 0-0 12. Rad1 Re8 13. Bb1 g6 14. a3 a5 15. Ne2 b5 16. Qxc6 bxc4 17. Qxc4 Qb8 18. Rd2 Qb7 19. Nc3 Nb6 20. Qb5 Qc7 21. Ba2 Reb8 22. Qe5 Qxe5 23. dxe5 Nfd7 24. f4 Bc5 25. Kf2 Bxe3+ 26. Kxe3 Nc5 27. g4 Nba4 28. Nxa4 Nxa4 29. f5 Rxb2 30. Rxb2 Nxb2 31. fxe6 fxe6 32. Bxe6+ Kh8 33. Bd5 Rd8 34. Kd4 Na4 35. e6 Kg7 36. e7 Re8 37. Rf7+ Kh6 38. Bc6 1-0

[Event "Bayern-chI Bank Hofmann 13th"]
[Site "Bad Wiessee"]
[Date "2009.11.02"]
[Round "4"]
[White "Gaerths, Ronny"]
[Black "Morawietz, Dieter"]
[Result "1/2-1/2"]
[WhiteElo "2241"]
[BlackElo "2449"]
[PlyCount "135"]
[EventDate "2009.10.31"]
[EventType "swiss"]
[EventRounds "9"]
[EventCountry "GER"]
[SourceTitle "EXT 2010"]
[Source "ChessBase"]
[SourceDate "2010.11.25"]
[SourceVersion "1"]
[SourceVersionDate "2010.11.25"]
[SourceQuality "1"]

1. d4 Nf6 2. Bg5 c6 3. Bxf6 gxf6 4. c4 f5 5. Nc3 d6 6. e3 Bg7 7. g3 c5 8. d5 Bxc3+ 9. bxc3 e5 10. Nf3 Qf6 11. Nh4 Nd7 12. Bh3 e4 13. 0-0 Ne5 14. f3 exf3 15. Nxf3 Kd8 16. Nxe5 Qxe5 17. Qh5 Qxc3 18. Bxf5 Re8 19. Rae1 Re7 20. Qxh7 Kc7 21. Qh4 Rxe3 22. Rc1 Qg7 23. Qf4 Re7 24. Rce1 f6 25. Be6 Bxe6 26. dxe6 f5 27. Rf2 Qc3 28. Rfe2 Rae8 29. Qh4 Kc6 30. Kg2 Qd4 31. Qg5 Qxc4 32. Qxf5 b5 33. h4 Rg8 34. Qf3+ d5 35. Re5 Qxa2+ 36. Kh3 b4 37. R1e2 Qc4 38. Rd2 Rd8 39. Qf6 Rg8 40. Rg5 Rxg5 41. Qxg5 Rxe6 42. h5 Qe4 43. Rf2 b3 44. Qd8 Qh1+ 45. Kg4 Re4+ 46. Kg5 Qc1+ 47. Kg6 Re6+ 48. Kf7 Qe3 49. Rf5 Rd6 50. Rf6 Rxf6+ 51. Qxf6+ Kb5 52. h6 Qd3 53. g4 d4 54. g5 b2 55. g6 b1Q 56. h7 Qc4+ 57. Kf8 Qbf1 58. h8Q Qg2 59. Kg7 Qb7+ 60. Qf7 Qcd5 61. Qhe8+ Kb4 62. Qe1+ Kc4 63. Qc1+ Kd3 64. Qd1+ Kc3 65. Qe1+ Kc2 66. Qef2+ Kc3 67. Qe1+ Kc2 68. Qef2+ 1/2-1/2

[Event "Berlin op 07"]
[Site "Berlin"]
[Date "2009.07.26"]
[Round "9"]
[White "Sechting, Martin"]
[Black "Gaerths, Ronny"]
[Result "1/2-1/2"]
[WhiteElo "2097"]
[BlackElo "2243"]
[PlyCount "111"]
[EventDate "2009.07.18"]
[EventType "swiss"]
[EventRounds "9"]
[EventCountry "GER"]
[SourceTitle "CBM 131 Extra"]
[Source "ChessBase"]
[SourceDate "2009.09.03"]
[SourceVersion "2"]
[SourceVersionDate "2009.09.16"]
[SourceQuality "1"]

1. e3 g6 2. Nf3 Bg7 3. d4 Nf6 4. Bd3 0-0 5. 0-0 d6 6. h3 Nbd7 7. e4 e5 8. c3 h6 9. Qe2 Re8 10. Rd1 exd4 11. cxd4 Nxe4 12. Bxe4 d5 13. Nc3 dxe4 14. Nxe4 Qe7 15. Re1 Nb6 16. Qd1 Qd8 17. Bf4 Nd5 18. Be5 f6 19. Bg3 b6 20. Qb3 Bb7 21. Nc5 Rxe1+ 22. Rxe1 Bc6 23. Ne6 Qd7 24. Nxc7 Rc8 25. Ne6 g5 26. Nxg7 Kxg7 27. Qa3 Ba8 28. Qd6 Qxd6 29. Bxd6 Kf7 30. Ba3 Rc2 31. h4 Bc6 32. hxg5 hxg5 33. Rd1 Bd7 34. Ne1 Re2 35. Nd3 a5 36. Kf1 Rc2 37. Ne1 Rc8 38. Bd6 Bg4 39. Rd3 Rc6 40. Bg3 Bc8 41. Rd2 Ba6+ 42. Kg1 Rc1 43. f3 Nf4 44. Kh2 Nd5 45. Bf2 Ra1 46. a3 Ke6 47. Nc2 Rc1 48. Ne3 f5 49. Rd1 Rxd1 50. Nxd1 f4 51. Kg1 Be2 52. Nc3 Nxc3 53. bxc3 Kd5 54. Kh2 b5 55. Kh3 Bf1 56. Kh2 1/2-1/2

[Event "Berlin op 07"]
[Site "Berlin"]
[Date "2009.07.25"]
[Round "8"]
[White "Gaerths, Ronny"]
[Black "Bergmann, Jens"]
[Result "1-0"]
[WhiteElo "2243"]
[BlackElo "1824"]
[PlyCount "73"]
[EventDate "2009.07.18"]
[EventType "swiss"]
[EventRounds "9"]
[EventCountry "GER"]
[SourceTitle "CBM 131 Extra"]
[Source "ChessBase"]
[SourceDate "2009.09.03"]
[SourceVersion "2"]
[SourceVersionDate "2009.09.16"]
[SourceQuality "1"]

1. d4 Nf6 2. Bg5 Ne4 3. Bf4 d5 4. e3 c6 5. Bd3 Qa5+ 6. c3 Bf5 7. Nf3 h6 8. Ne5 g5 9. Bg3 h5 10. f3 Nxg3 11. hxg3 Be6 12. f4 Nd7 13. Nxd7 Bxd7 14. Rxh5 Rg8 15. f5 f6 16. Nd2 0-0-0 17. Qf3 Qc7 18. 0-0-0 Qd6 19. g4 Bg7 20. Rh7 Rde8 21. e4 e5 22. fxe6 Bxe6 23. exd5 Bxd5 24. Qf2 Bxa2 25. Bc4 Bxc4 26. Nxc4 Qe6 27. Qf5 Qxf5 28. Nd6+ Kb8 29. Nxf5 Bf8 30. Rdh1 a6 31. Rf7 Re4 32. Rhh7 Rxg4 33. Rxb7+ Ka8 34. Rbd7 Bg7 35. Nxg7 Rxg2 36. Nf5 Re8 37. Ra7+ 1-0

[Event "Berlin op 07"]
[Site "Berlin"]
[Date "2009.07.21"]
[Round "4"]
[White "Gaerths, Ronny"]
[Black "Rabiega, Robert"]
[Result "0-1"]
[WhiteElo "2243"]
[BlackElo "2551"]
[PlyCount "56"]
[EventDate "2009.07.18"]
[EventType "swiss"]
[EventRounds "9"]
[EventCountry "GER"]
[SourceTitle "CBM 131 Extra"]
[Source "ChessBase"]
[SourceDate "2009.09.03"]
[SourceVersion "2"]
[SourceVersionDate "2009.09.16"]
[SourceQuality "1"]

1. c4 e5 2. g3 Nf6 3. Bg2 d5 4. cxd5 Nxd5 5. Nf3 Nc6 6. 0-0 Nb6 7. d3 Be7 8. Nbd2 0-0 9. a3 a5 10. b3 Be6 11. Bb2 f6 12. Qc2 Qd7 13. Rfd1 Rfd8 14. Rac1 Qe8 15. e3 Qf7 16. Ra1 Bd5 17. Nc4 a4 18. bxa4 Bxc4 19. dxc4 Qxc4 20. Qxc4+ Nxc4 21. Rxd8+ Nxd8 22. Bc3 Rxa4 23. Nh4 g6 24. Rd1 Kf8 25. Rd7 c5 26. Bxb7 Rxa3 27. Be1 Ra1 28. Kf1 Ra7 0-1

[Event "Berlin op 07"]
[Site "Berlin"]
[Date "2009.07.18"]
[Round "1"]
[White "Albinus, Guenter"]
[Black "Gaerths, Ronny"]
[Result "0-1"]
[WhiteElo "1875"]
[BlackElo "2243"]
[PlyCount "64"]
[EventDate "2009.07.18"]
[EventType "swiss"]
[EventRounds "9"]
[EventCountry "GER"]
[SourceTitle "CBM 131 Extra"]
[Source "ChessBase"]
[SourceDate "2009.09.03"]
[SourceVersion "2"]
[SourceVersionDate "2009.09.16"]
[SourceQuality "1"]

1. Nf3 d6 2. g3 g6 3. Bg2 Bg7 4. d3 e5 5. 0-0 Ne7 6. e4 c5 7. Nc3 Nbc6 8. Ne2 0-0 9. c3 d5 10. exd5 Nxd5 11. Ne1 Bg4 12. Nc2 Qd7 13. Qd2 Rad8 14. Rd1 Bh3 15. f4 Bxg2 16. Kxg2 Rfe8 17. fxe5 Nxe5 18. d4 Qc6 19. Kf2 Ng4+ 20. Kg1 Nde3 21. Nf4 Nxd1 22. Qxd1 Nf6 23. Be3 Nd5 24. Nxd5 Qxd5 25. Qd2 b6 26. Qf2 cxd4 27. Bxd4 Rd7 28. Bxg7 Kxg7 29. Qd4+ Qxd4+ 30. Nxd4 Rxd4 31. cxd4 Re2 32. Rd1 Kf6 0-1